000 00861nam a2200253 a 4500
001 000015697
003 DO-SdBNP
005 20251212085549.0
008 100217s1987 dr 000 0 spa d
040 _aDO-SdBNP
_bspa
_cBNPHU
082 _a336.0127293
_bG956s
100 1 _aGuiliani Cury, Héctor
_935368
245 1 3 _aEl sistema tributario dominicano /
_cHéctor Guiliani Cury.
260 _aSanto Domingo :
_bFundación Friedrich EBert,
_c1987.
300 _a56 p. ;
_c23 cm.
490 1 _aEstudios económico-sociales
500 _aIncluye referencias bibliográficas y notas al pie de las páginas
504 _aBibliografía: p. 55- 56
590 _aInventariado, 2018/LP
650 0 _aImpuestos
_zRepública Dominicana
_98380
830 0 _aEstudios económico-sociales
_97893
910 _aValidado. Control de calidad MFF
942 _2ddc
_cLBS1
999 _c15249
_d15249